Private commercial bribery: a comparison of national and supranational legal structures
保存先:
| 主要な著者: | , , |
|---|---|
| フォーマット: | 図書 |
| 言語: | 英語 |
| 出版事項: |
Friburgo de Brisgovia
Max-Planck-Institut
2003
|
| シリーズ: | Beiträge und Materialien aus dem Max-Planck-Institut, S 94
|
| 主題: | |
| タグ: |
タグ追加
タグなし, このレコードへの初めてのタグを付けませんか!
|
MARC
| LEADER | 00000nam a2200000 a 4500 | ||
|---|---|---|---|
| 001 | UCL7052 | ||
| 003 | CL-VaPUC | ||
| 008 | 040430e20030000GW |||||||||||||||||eng|d | ||
| 020 | |a 3861138999 | ||
| 082 | 0 | 4 | |a 346.03 |b HEI |2 21 |
| 100 | |a Heine, Günter |e author |9 484786 | ||
| 700 | 0 | |a Huber, Barbara |e author |9 484787 | |
| 700 | 0 | |a Rose, Thomas O |e author |9 484788 | |
| 245 | 1 | 0 | |a Private commercial bribery: a comparison of national and supranational legal structures |
| 300 | |a 656 p | ||
| 942 | |c BK | ||
| 945 | |d 20040430 00:00:00 |a cmena | ||
| 260 | |a Friburgo de Brisgovia |b Max-Planck-Institut |c 2003 | ||
| 650 | 0 | |a Derecho comercial |9 256340 | |
| 650 | 7 | |a SOBORNO |2 CL-VaPUC |9 484789 | |
| 650 | 0 | |a Derecho comparado |9 255664 | |
| 650 | 0 | |a Delitos |9 224143 | |
| 583 | |a last modification |c 20040430 00:00:00 |k Rodrigo Vera | ||
| 490 | 0 | |a Beiträge und Materialien aus dem Max-Planck-Institut, S 94 | |
| 999 | |c 308916 |d 308914 | ||
| 952 | |0 0 |1 0 |4 0 |6 346_030000000000000_HEI_2003 |7 0 |8 A |9 375853 |a BIBDER |b BIBDER |d 2019-11-21 |i 4012747 |o 346.03 HEI 2003 |p 4012747 |r 2023-01-25 |w 2019-11-21 |y BK |k DER | ||